The energy question
Gespeichert in:
| 1. Verfasser: | |
|---|---|
| Format: | Buch |
| Sprache: | Undetermined |
| Veröffentlicht: |
New York
Pengiun
1981
|
| Schlagworte: | |
| Tags: |
Tag hinzufügen
Keine Tags, Fügen Sie den ersten Tag hinzu!
|
| Thư viện lưu trữ: | Trung tâm Học liệu Trường Đại học Cần Thơ |
|---|
| LEADER | 00437nam a2200169Ia 4500 | ||
|---|---|---|---|
| 001 | CTU_78064 | ||
| 008 | 210402s9999 xx 000 0 und d | ||
| 082 | |a 333.7 | ||
| 082 | |b F663 | ||
| 100 | |a Foley, Gerald | ||
| 245 | 4 | |a The energy question | |
| 245 | 0 | |c Gerald Foley | |
| 260 | |a New York | ||
| 260 | |b Pengiun | ||
| 260 | |c 1981 | ||
| 650 | |a Energy policy,Power resource | ||
| 980 | |a Trung tâm Học liệu Trường Đại học Cần Thơ | ||